| Поле | Инд. | ПП | Название | Значение |
|---|---|---|---|---|
| Тип записи | a | |||
| Библиографический уровень | b | |||
| 001 | Контрольный номер | RU/IS/BASE/109436559 | ||
| 005 | Дата корректировки | 20200608194404.4 | ||
| 084 | a | Индекс другой классификации/Индекс ББК | 87.3(0)5; 87.1 | |
| 100 | 1_ | a | Автор | Гайденко П. П. |
| 245 | 10 | a | Заглавие | От онтологизма к психологизму: понятие времени и длительности в XVII - XVIII вв. |
| 504 | a | Библиография | Библиогр. ссылки | |
| 600 | 14 | a | Персоналии | Беркли Джордж |
| a | Персоналии | Декарт Рене | ||
| a | Персоналии | Лейбниц Готфрид Вильгельм | ||
| a | Персоналии | Локк Джон | ||
| a | Персоналии | Спиноза Бенедикт | ||
| a | Персоналии | Юм Дэвид | ||
| 650 | 04 | a | Основная рубрика | история философии |
| a | Основная рубрика | философия; онтология | ||
| 653 | 0_ | a | Ключевые слова | XVII век |
| a | Ключевые слова | XVIII век | ||
| a | Ключевые слова | вечность | ||
| a | Ключевые слова | время | ||
| a | Ключевые слова | длительность | ||
| 773 | 18 | d | Дата издания источника | 2001 |
| g | Прочая информация | № 7. - С. 77 - 99 | ||
| t | Заглавие источника | Вопросы философии | ||
| w | Контрольный № источника | RU/IS/BASE/140277690 | ||
| 901 | t | Тип документа | b |